Mundaka Upanisad (Record no. 20004)

MARC details
000 -LEADER
fixed length control field 00264nam a22001217a 4500
082 ## - DEWEY DECIMAL CLASSIFICATION NUMBER
Classification number 294.59218 LOK
100 ## - MAIN ENTRY--AUTHOR NAME
Author name Lokeswarananda
245 ## - TITLE STATEMENT
Title Mundaka Upanisad
260 ## - PUBLICATION, DISTRIBUTION, ETC. (IMPRINT)
Place of publication Kolkata
Name of publisher Ramakrisna Mission
Year of publication 1994
300 ## - PHYSICAL DESCRIPTION
Number of Pages 139
650 ## - SUBJECT ADDED ENTRY--TOPICAL TERM
Topical Term Upanisad
942 ## - ADDED ENTRY ELEMENTS (KOHA)
Koha item type Books
Holdings
Home library Current library Date acquired Source of acquisition Cost, normal purchase price Full call number Accession Number Koha item type
Henry Martyn Institute Library Henry Martyn Institute Library 04/06/2016 Raqmakrshna Muth Hyd 50.00 294.59218 LOK 24901 Books
                   Copyright © 2026 | Henry Martyn Institute | Hyderabad | TS-500052 | INDIA | Implemented by hmi.edu.in
Hit-Count:

Powered by Koha